000 00665cab a2200229 4500
001 WB3312-17
008 090401t1997 xxu||||| |||| 00| 0 eng d
035 _a(Sirsi) u77257
041 _aeng
245 _aPFI rules for prisons
260 _c1997
350 _a0
490 _aFinancial Times
_v20 March 1997, 7(1)
520 _aA Labour government would consider changing the PFI rules that now exist regarding the funding and building of prisons.
650 _aLABOUR PARTY
650 _aPFI
650 _aPRISONS
650 _aPRIVATE FINANCE INITIATIVE
690 _aPROPERTY-PROPERTY FINANCE AND INVESTMENT
942 _n0
948 _c20/03/1997
999 _c48571
_d48571